The process of education

Αποθηκεύτηκε σε:
Λεπτομέρειες βιβλιογραφικής εγγραφής
Κύριος συγγραφέας: Bruner, Jerome S. (Jerome Seymour)
Μορφή: Βιβλίο
Γλώσσα:English
Δημοσίευση: Cambridge : Harvard University Press, 1977
Θέματα:
Ετικέτες: Προσθήκη ετικέτας
Δεν υπάρχουν, Καταχωρήστε ετικέτα πρώτοι!

MARC

LEADER 00000nam a2200000 i 4500
001 1/74721
008 970904s1977 eng d
020 |a 0-674-71001-0 
035 |a 1993  |b 1  |c Ανθουλιάς  |l 10031908 
040 |a GR-MY-UA  |b gre  |e aacr 
041 0 |a eng 
082 0 |a 370.1 
100 1 |a Bruner, Jerome S.   |q (Jerome Seymour) 
245 1 4 |a The process of education /  |c Jerome S. Bruner 
260 |a Cambridge :   |b Harvard University Press,   |c 1977 
300 |a 97 p. 
650 0 0 |a Education  |x Aims and objectives. 
852 |a INST  |b RHODES  |e 19970904  |h 370.1 BRU  |p 005400009537  |q 005400009537  |t BK  |y 0 
909 |a Ρ  |b 025804  |c 1993